The Cambridge companion to Counter-Reformation sanctity

This groundbreaking Companion explores how Counter-Reformation sanctity reshaped religious identities, sacred traditions, and devotional practices that transformed Catholicism into the first global religion. Offering a fresh perspective on early modern Catholicism, it moves beyond traditional debate...

Full description

Saved in:  
Bibliographic Details
Contributors: Machielsen, Jan 1984- (Editor) ; Michelson, Emily (Editor) ; Olds, Katrina Beth 1973- (Editor)
Format: Electronic Book
Language:English
Subito Delivery Service: Order now.
Check availability: HBZ Gateway
Interlibrary Loan:Interlibrary Loan for the Fachinformationsdienste (Specialized Information Services in Germany)
Published: Cambridge New York, NY Port Melbourne, VIC New Delhi Singapore Cambridge University Press [2026]
In:Year: 2026
Series/Journal:Cambridge companions to religion
Standardized Subjects / Keyword chains:B Catholicism / Counter-Reformation / Holiness (motif) / Counter-Reformation
Further subjects:B Counter-Reformation
B Collection of essays
B Christian hagiography History
B Catholic Church History Modern period, 1500-
B Christian saints Cult History
Online Access: Volltext (lizenzpflichtig)
Parallel Edition:Non-electronic

MARC

LEADER 00000cam a2200000 c 4500
001 194893521X
003 DE-627
005 20260415151047.0
007 cr uuu---uuuuu
008 260115s2026 xx |||||o 00| ||eng c
020 |a 9781009199599  |q ebook  |9 978-1-009-19959-9 
020 |a 9781009199605  |q hardback  |9 978-1-009-19960-5 
020 |a 9781009199575  |q paperback  |9 978-1-009-19957-5 
024 7 |a 10.1017/9781009199599  |2 doi 
035 |a (DE-627)194893521X 
035 |a (DE-603)541447521 
035 |a (DE-599)KEP122710533 
035 |a (CUP)CR9781009199599 
035 |a (DE-627-1)122710533 
040 |a DE-627  |b ger  |c DE-627  |e rda 
041 |a eng 
082 0 |a 282.0903  |2 23 
084 |a 0  |2 ssgn 
084 |a BO 1840  |q SEPA  |2 rvk  |0 (DE-625)rvk/14041: 
084 |a 11.54  |2 bkl 
245 0 4 |a The Cambridge companion to Counter-Reformation sanctity  |c edited by Jan Machielsen (Cardiff University), Emily Michelson (University of St. Andrews), Katrina B. Olds (University of San Francisco) 
264 1 |a Cambridge  |a New York, NY  |a Port Melbourne, VIC  |a New Delhi  |a Singapore  |b Cambridge University Press  |c [2026] 
264 4 |c © 2026 
300 |a 1 Online-Ressource (x, 393 Seiten) 
336 |a Text  |b txt  |2 rdacontent 
337 |a Computermedien  |b c  |2 rdamedia 
338 |a Online-Ressource  |b cr  |2 rdacarrier 
490 0 |a Cambridge companions to religion 
520 |a This groundbreaking Companion explores how Counter-Reformation sanctity reshaped religious identities, sacred traditions, and devotional practices that transformed Catholicism into the first global religion. Offering a fresh perspective on early modern Catholicism, it moves beyond traditional debates about Reformation and Reform and presents sanctity as the defining lens through which to view the period's transformative changes. By examining the lives, representations, and global impact of saints, the Companion demonstrates how sanctity countered the Protestant challenge and also transformed the very fabric of Catholicism between 1500 and 1750. Organized into four thematic sections - models of sanctity, the creation and contestation of sanctity, the representation of saints, and everyday interactions with saints - the volume also provides insight into the role of holiness during this pivotal period in Church history. Connecting history, theology, art history, and material culture, this interdisciplinary Companion serves as an indispensable resource for scholars and students seeking a comprehensive understanding of early modern Catholicism's influence on European and global history. 
546 |a Barrierefreier Inhalt: Single logical reading order. Table of content navigation. Index navigation 
546 |a Anmerkungen zur Barrierefreiheit: WARNING - Flashing hazard. Latest accessibility assessment date: 20251113 
601 |a Cambridge 
610 1 0 |a Catholic Church  |x History  |y Modern period, 1500- 
650 0 |a Christian saints  |x Cult  |x History 
650 0 |a Christian hagiography  |x History 
650 0 |a Counter-Reformation 
655 7 |a Aufsatzsammlung  |0 (DE-588)4143413-4  |0 (DE-627)105605727  |0 (DE-576)209726091  |2 gnd-content 
689 0 0 |d s  |0 (DE-588)4030027-4  |0 (DE-627)106272047  |0 (DE-576)20898528X  |2 gnd  |a Katholizismus 
689 0 1 |d s  |0 (DE-588)4163458-5  |0 (DE-627)105454656  |0 (DE-576)20988116X  |2 gnd  |a Katholische Erneuerung 
689 0 2 |d s  |0 (DE-588)4159400-9  |0 (DE-627)105485659  |0 (DE-576)209849967  |2 gnd  |a Heiligkeit 
689 0 3 |d s  |0 (DE-588)4019710-4  |0 (DE-627)106320599  |0 (DE-576)208930426  |2 gnd  |a Gegenreformation 
689 0 |5 (DE-627) 
700 1 |e HerausgeberIn  |0 (DE-588)1067541438  |0 (DE-627)818883502  |0 (DE-576)426739205  |4 edt  |a Machielsen, Jan  |d 1984- 
700 1 |e HerausgeberIn  |0 (DE-588)1214845762  |0 (DE-627)1725949210  |4 edt  |a Michelson, Emily 
700 1 |e HerausgeberIn  |0 (DE-588)1048526208  |0 (DE-627)780571967  |0 (DE-576)402348354  |4 edt  |a Olds, Katrina Beth  |d 1973- 
776 1 |z 9781009199605 
776 0 8 |i Erscheint auch als  |n Druck-Ausgabe  |t The Cambridge companion to Counter-Reformation sanctity  |d Cambridge, United Kingdom : Cambridge University Press, 2026  |h x, 393 Seiten  |w (DE-627)1941530842  |z 9781009199605  |z 9781009199575  |k Non-Electronic 
856 4 0 |u https://doi.org/10.1017/9781009199599  |m X:CUP  |x Resolving-System  |z lizenzpflichtig  |7 1 
912 |a ZDB-20-CCO 
936 r v |a BO 1840  |b Einzelthemen  |k Theologie und Religionswissenschaften  |k Patrologie und Kirchengeschichte  |k Kirchengeschichte nach Sachgebieten  |k Hagiographie  |k Darstellungen  |k Einzelthemen  |0 (DE-627)1270744151  |0 (DE-625)rvk/14041:  |0 (DE-576)200744151 
936 b k |a 11.54  |j Katholizismus  |q SEPA  |0 (DE-627)106402668 
951 |a BO 
ACO |a 1 
ELC |a 1 
ORI |a TA-MARC-ixtheo_oa001.raw 
REL |a 1 
STA 0 0 |a Catholicism,Catholicism,Counter-Reformation,Counter-Reformation,Catholic reform,Counter Reformation,Holiness (motif),Holiness,Sanctity 
STB 0 0 |a Catholicisme,Catholicisme,Contre-Réforme,Renouveau catholique,Réforme catholique,Réforme catholique,Sainteté (motif),Sainteté 
STC 0 0 |a Catolicismo,Catolicismo,Contrarreforma,Renovación católica,Santidad 
STD 0 0 |a Cattolicesimo,Cattolicesimo,Controriforma,Controriforma,Riforma cattolica,Riforma cattolica,Santità 
STE 0 0 |a 反宗教改革,天主教,天主教,罗马公教,罗马公教,神圣,圣洁 
STF 0 0 |a 反宗教改革,天主教,天主教,羅馬公教,羅馬公教,神聖,聖潔 
STG 0 0 |a Catolicismo,Catolicismo,Contrarreforma,Renovação católica,Santidade 
STH 0 0 |a Католицизм (мотив),Католицизм,Католическое обновление,Контрреформация,Святость 
STI 0 0 |a Αγιότητα,Αντιμεταρρύθμιση,Καθολική μεταρρύθμιση,Καθολικισμός (μοτίβο),Καθολικισμός 
SUB |a REL 
SYG 0 0 |a Katholiken , Katholische Reform,Reformation , Rekatholisierung